Prokoukněte své lidi praktický průvodce řízením

Salvato in:
Dettagli Bibliografici
Autore principale: Daňková, Michaela
Natura: Libro
Lingua:ceco
Pubblicazione: Praha Grada Publishing 2016
Soggetti:
Tags: Aggiungi Tag
Nessun Tag, puoi essere il primo ad aggiungerne!!

MARC

LEADER 00000nam a2200000 4500
001 0222896
005 20221107101141.3
020 |a 978-80-247-5624-0 
041 0 |a cze 
044 |a CZ 
245 1 0 |a Prokoukněte své lidi  |b praktický průvodce řízením  |c Michaela Daňková 
264 1 |a Praha  |b Grada Publishing  |c 2016 
300 |a 136 s. 
610 2 0 |a riadenie personálne 
610 2 0 |a manažment personálny 
610 2 0 |a riadenie ľudských zdrojov 
610 2 0 |a vedenie ľudí 
610 2 0 |a práca tímová 
610 2 0 |a pracovníci noví 
610 2 0 |a pracovníci tvoriví 
610 2 0 |a motivácia pracovná 
100 1 |a Daňková, Michaela